000
00290nam a22001337a 4500
008
170315b xxu||||| |||| 00| 0 eng d
020
_a
0721612603
041
_a
eng
080
_a
611
100
_a
7
101
_a
SHM
245
_a
TEXTBOOK OF MEDICAL PHYSIOLOGY
_c
GUYTON
942
_2
udc
_c
BK
999
_c
7911
_d
7911